|
|
|
|
| LEADER |
00000nam0a2200000 4500 |
| 001 |
368054 |
| 005 |
20231102012038.0 |
| 035 |
|
|
|a (RuTPU)RU\TPU\retro\25417
|
| 090 |
|
|
|a 368054
|
| 100 |
|
|
|a 20220329d1976 k y0rusy50 ca
|
| 101 |
0 |
|
|a rus
|
| 102 |
|
|
|a RU
|
| 105 |
|
|
|a a z 001zy
|
| 200 |
1 |
|
|a Мусковитовые и редкометально-мусковитовые пегматиты (минералого-геохимическая и генетическая характеристика пегматитов Восточной Сибири и Индии)
|f Б. М. Шмакин
|g Академия наук СССР, Сибирское отделение, Институт геохимии ; под ред. А. И. Гинзбурга
|
| 210 |
|
|
|a Новосибирск
|c Наука
|d 1976
|
| 215 |
|
|
|a 368 с.
|c ил.
|
| 316 |
|
|
|5 63413507: КР-7596
|a Поступил в НТБ в 2021 г. в дар от семьи профессора ТПУ Л. П. Рихванова
|
| 320 |
|
|
|a Литература: с. 330-365
|
| 330 |
|
|
|a В монографии обобщены результаты изучения двух крупнейших в мире регионов развития пегматитов: Восточной Сибири и Индии. Дано краткое геологическое описание пегматитовых поясов и полей, выделены тины пегматитовых и пегматитоподобных тел, этапы и стадии минералообразования. При характеристике породообразующих и акцессорных минералов особое впимание уделено закономерностям распределения в них К, Na, Li, Bb, Cs, Ba, Sr, Be, Pb, Zn, Tl, Sn, Nb, Та, Ti, ТВ. На этой основе вычислены средние содержания элементов в разновидностях пегматитов, проанализировано поведение элементов в процессах образования и изменения пегматитов, предложены геохимические индикаторы специализации пегматитов и физико-химических параметров условий их формирования. Охарактеризованы ореолы измененных пород и геохимические аномалии вокруг пегматитовых тел, даны рекомендации по использованию геохимических и минералогических критериев в геологической практике. Детально обсуждаются вопросы происхождения пегматитов, причины их специализации. Книга рассчитана на геохимиков и минералогов. Обильный фактический материал позволяет использовать работу в качестве справочника по содержанию редких элементов в пегматитах и их минералах.
|
| 606 |
1 |
|
|a Пегматиты
|x Петрография
|2 stltpush
|3 (RuTPU)RU\TPU\subj\48407
|9 67278
|
| 610 |
1 |
|
|a Библиотека Л. П. Рихванова
|
| 610 |
1 |
|
|a минералообразование
|
| 610 |
1 |
|
|a пегматитовые тела
|
| 610 |
1 |
|
|a пегматитоносные регионы
|
| 610 |
1 |
|
|a породообразующие минералы
|
| 610 |
1 |
|
|a мусковиты
|
| 610 |
1 |
|
|a Восточная Сибирь
|
| 610 |
1 |
|
|a Индия
|
| 610 |
1 |
|
|a дары библиотеке
|
| 675 |
|
|
|a 552.322.2
|v 4
|
| 700 |
|
1 |
|a Шмакин
|b Б. М.
|g Борис Матвеевич
|
| 702 |
|
1 |
|a Гинзбург
|b А. И.
|g Анатолий Ильич
|4 340
|
| 712 |
0 |
2 |
|a Академия наук СССР
|b Сибирское отделение
|b Институт геохимии
|c (Новосибирск)
|2 stltpush
|3 (RuTPU)RU\TPU\col\12868
|9 25547
|
| 801 |
|
1 |
|a RU
|b 63413507
|c 20220329
|
| 801 |
|
2 |
|a RU
|b 63413507
|c 20220721
|g RCR
|
| 942 |
|
|
|c BK
|